000 00903nam a2200241 a 4500
001 49066
003 BD-RjUL
005 20211209054629.0
008 160817s1957 ii b 001 0 eng d
035 _a(BD-RjUL)49185
040 _aDLC
_cTJC
_dIXA
_dEQO
_dBD-RjUL
_beng
041 _aeng
082 _a294.594
_223
_bDEH 1957
100 1 _aDerrett, J. Duncan M.,
_d1922-2012.
_9142773
245 1 0 _aHindu law, past and present :
_bbeing an account of the controversy which preceded the enactment of the Hindu code, the text of the code as enacted, and some comments thereon /
_cJ Duncan M Derrett
260 _aCalcutta :
_bA. Mukherjee,
_c1957
300 _axx, 408 p. ;
_c23 cm
504 _aBibliography: p. [311]-318
650 0 _aHindu law
_9147620
650 0 _aHindu law
_xCodification
_9147621
710 1 _aIndia (Republic)
_kLaws, statutes, etc.
_tHindu code bill.
_9147622
942 _2ddc
_cBK
999 _c49066
_d49066